| 000 | 01094nac a22002411u 4500 | ||
|---|---|---|---|
| 008 | 100915t xxu||||| |||| 00| 0 eng d | ||
| 010 | _a 95042464 | ||
| 020 | _a0471961639 (acid-free paper) | ||
| 082 | 0 | 0 |
_a628.2091732 _bMAR |
| 100 |
_aMara, D. Duncan _919279 |
||
| 245 | 1 | 0 |
_aLow-Cost Urban Sanitation / _cDuncan Mara. |
| 260 |
_aChichester ; _aNew York : _bJohn Wiley, _cc1996. |
||
| 300 |
_axv, 223 p. : _bill. ; _c25 cm. |
||
| 504 | _aIncludes bibliographical references and index. | ||
| 650 | 0 |
_aSewerage _zTropics. _919280 |
|
| 650 | 0 |
_aSewerage _xEconomic aspects _zTropics. _919281 |
|
| 650 | 0 |
_aSewerage _xSocial aspects _zTropics. _919282 |
|
| 650 | 0 |
_aSanitation _zTropics. _919283 |
|
| 856 | 4 | 2 |
_3Publisher description _uhttp://www.loc.gov/catdir/description/wiley037/95042464.html |
| 856 | 4 | 2 |
_3Table of Contents _uhttp://www.loc.gov/catdir/toc/onix01/95042464.html |
| 942 |
_cBB _k628.2091732MAR _2ddc |
||
| 999 |
_c4531 _d4531 |
||